ՀՀ Գիտությունների ազգային ակադեմիայի հիմնարար գիտական գրադարան  =   Fundamental Scientific Library of NAS RA

Сорные растения Таджикистана / (Record no. 405867)

MARC details
000 -LEADER
fixed length control field 00643nam a22001937a 4500
003 - CONTROL NUMBER IDENTIFIER
control field AM-YeHGA
005 - DATE AND TIME OF LATEST TRANSACTION
control field 20250617154142.0
008 - FIXED-LENGTH DATA ELEMENTS--GENERAL INFORMATION
fixed length control field 180601s ||||| |||| 00| 0 rus d
040 ## - CATALOGING SOURCE
Original cataloging agency AM-YeHGA
041 0# - LANGUAGE CODE
Language code of text/sound track or separate title rus
090 ## - LOCALLY ASSIGNED LC-TYPE CALL NUMBER (OCLC); LOCAL CALL NUMBER (RLIN)
-- 408119
245 00 - TITLE STATEMENT
Title Сорные растения Таджикистана /
Statement of responsibility, etc. Отв. ред. И.Т. Васильченко.
260 ## - PUBLICATION, DISTRIBUTION, ETC.
Place of publication, distribution, etc. Ленинград ;
-- Москва :
Name of publisher, distributor, etc. Б. и.,
Date of publication, distribution, etc. 1953 -
300 ## - PHYSICAL DESCRIPTION
Extent том
505 10 - FORMATTED CONTENTS NOTE
Miscellaneous information Т. 1 (1953, 450 с.)
653 0# - INDEX TERM--UNCONTROLLED
Uncontrolled term Сорные растения - Таджикская ССР
700 1# - ADDED ENTRY--PERSONAL NAME
Personal name Васильченко, И.Т.
Relator term ред.
Relationship edt
942 ## - ADDED ENTRY ELEMENTS (KOHA)
Source of classification or shelving scheme Universal Decimal Classification
Koha item type Գրքեր / Books
Holdings
Withdrawn status Lost status Source of classification or shelving scheme Damaged status Not for loan Collection Home library Current library Date acquired Serial enumeration / chronology Total checkouts Full call number Barcode Date last seen Price effective from Koha item type Public note
    Universal Decimal Classification     General Fundamental Scientific Library Fundamental Scientific Library 01/06/2018 Т. 1   PД III/6141 FL0501065 01/06/2018 01/06/2018 Գրքեր / Books 30 Days Loan


ՀՀ ԳԱԱ հիմնարար գիտական գրադարան
ՀՀ,Երևան 0019
Մարշալ Բաղրամյան 24/6
հեռախոս:(374-10) 52-47-50
Հետադարձ կապ

All site content, except where otherwise noted, is licensed under a
Creative Commons License